000 01005nam a2200337 a 4500
003 AR-BaBNM
005 20251128204246.0
008 082120s2002 ||||||||||||||000 | spa||
020 _a84-283-1661-9
040 _cAR-BaBNM
245 0 0 _aDiccionario de incorrecciones, particularidades y curiosidades del lenguaje
250 _a5ª ed. aum. y corr.
260 _aMadrid
_bParaninfo
_c1989
300 _a517 p.
500 _aContiene capítulos especiales sobre dudas ortográficas agrupadas por temas, abreviaturas, símbolos, escritura de siglas, gentilicios
500 _aIncluye frases latinas
600 1 4 _aIbarbourou, Juana De
650 4 _aESPAÑOL
650 4 _aDICCIONARIOS
650 4 _aLEXICOGRAFIA
650 4 _aORTOGRAFIA
650 4 _aGRAMATICA
650 4 _aSEMANTICA
650 4 _aSINTAXIS
700 1 _aSantamaría, Andrés
700 1 _aCuartas, Augusto
700 1 _aMangada, Joaquín
700 1 _aMartínez de Sousa, José
942 _cBK
998 _cEthel
999 _c6748
_d6748